000
00264nam a22001217a 4500
003
OSt
008
231114b |||||||| |||| 00| 0 eng d
041
_a
eng
100
_a
Damodaran, K
_9
5596
245
_a
Kerala Charithram Vol.1
300
_a
320pages.
942
_c
BK
999
_c
17809
_d
17809